Premières paroles - Michael Jackson - Statistiques

Statistiques générales
  • Ce quiz a été pris 462 fois
  • Le résultat moyen est 6 sur 15
Statistiques - réponses
Début de la chanson Réponse % Correct
"She was more like a beauty queen from a movie scene..." Billie Jean
92%
"It's close to midnight, And something evil's lurking in the dark..." Thriller
78%
"What about sunrise ? What about rain ?..." Earth Song
66%
"Ah, your butt is mine, gon' tell you right, ah..." Bad
55%
"As he came into the window, It was the sound of a crescendo..." Smooth Criminal
53%
"Girl, close your eyes, Let that rhythm get into you..." Rock With You
50%
"There's a ghost down in the hall, There's a ghoul upon the bed..." Ghosts
45%
"They told him, "Don't you ever come around here"..." Beat It
44%
"Darkchild, I like that, Oh, Oh, Oh, My life will never be the same..." You Rock My World
30%
"I'm tired of injustice, I'm tired of the schemes..." Scream
29%
"You know, I was, I was wondering, you know..." Don't Stop 'Til You Get Enough
24%
"I'm headed for the border, It's on my mind..." Speed Demon
21%
"She's just a lover, who makes me high..." In the Closet
16%
"Nation to nation all the world must come together..." Jam
15%
"I don't know, bet you wanna try, Every time you see..." Remember The Time
15%
Aucun quiz correspondant
Distribution des résultats
% des personnes avec chaque résultat
Percentile par nombre de réponses
Votre historique - résultats
Vous n’avez pas pris ce quiz